<?xml version="1.0" encoding="UTF-8"?>
<marc:record xmlns:marc="http://www.loc.gov/MARC21/slim">
   <marc:leader>00000nam a2200000 a 4500</marc:leader>
   <marc:datafield ind1="1" ind2=" " tag="100">
      <marc:subfield code="a">Dicker, Joël</marc:subfield>
      <marc:subfield code="4">aut</marc:subfield>
      <marc:subfield code="e">Verfasser/-in</marc:subfield>
   </marc:datafield>
   <marc:datafield ind1="1" ind2=" " tag="100">
      <marc:subfield code="a">Alvermann, Andrea</marc:subfield>
   </marc:datafield>
   <marc:datafield ind1="1" ind2=" " tag="100">
      <marc:subfield code="a">Große, Brigitte</marc:subfield>
   </marc:datafield>
   <marc:datafield ind1=" " ind2=" " tag="653">
      <marc:subfield code="a">Flucht</marc:subfield>
   </marc:datafield>
   <marc:datafield ind1="0" ind2="0" tag="245">
      <marc:subfield code="a">Die Geschichte der Baltimores</marc:subfield>
   </marc:datafield>
   <marc:datafield ind1="0" ind2="0" tag="245">
      <marc:subfield code="b">Roman</marc:subfield>
   </marc:datafield>
   <marc:datafield ind1="0" ind2="0" tag="245">
      <marc:subfield code="c">Joël Dicker ; aus dem Französischen von Brigitte Große und Andrea Alvermann</marc:subfield>
   </marc:datafield>
   <marc:datafield ind1=" " ind2="1" tag="264">
      <marc:subfield code="a">München ; Berlin ; Zürich</marc:subfield>
      <marc:subfield code="b">Piper</marc:subfield>
      <marc:subfield code="c">2016</marc:subfield>
   </marc:datafield>
   <marc:datafield ind1="1" ind2=" " tag="520">
      <marc:subfield code="a">is zum Tag der Katastrophe gab es 2 Goldman-Familien. Die Baltimore-Goldmans und die Montclair-Goldmans. Die "Montclairs" sind eine typische Mittelstandsfamilie, kleines Haus im unschicken New Jersey, staatliche Schule für Marcus, den einzigen Sohn. Ganz anders die Goldmans aus Baltimore: Man ist wohlhabend und erfolgreich, der Sohn Hillel hochbegabt, der Adoptivsohn Woody ein Sportass erster Güte. Als Kind ist Marcus hin- und hergerissen zwischen Bewunderung für diese "besseren" Verwandten und Eifersucht auf ihr perfektes Leben. Doch Hillel und Woody sind seine besten Freunde - bis ihre heile Welt eines Tages für immer zerbricht. 8 Jahre danach beschließt Marcus, inzwischen längst berühmter Schriftsteller, dass es Zeit ist, die Geschichte der Baltimores aufzuschreiben.</marc:subfield>
   </marc:datafield>
   <marc:datafield ind1=" " ind2=" " tag="020">
      <marc:subfield code="a">9783492057646</marc:subfield>
      <marc:subfield code="9">9783492057646</marc:subfield>
   </marc:datafield>
   <marc:datafield ind1=" " ind2=" " tag="020">
      <marc:subfield code="a">3492057640</marc:subfield>
      <marc:subfield code="9">3492057640</marc:subfield>
   </marc:datafield>
   <marc:datafield ind1="3" ind2=" " tag="024">
      <marc:subfield code="a">9783492057646</marc:subfield>
   </marc:datafield>
   <marc:datafield ind1=" " ind2=" " tag="041">
      <marc:subfield code="a">ger</marc:subfield>
   </marc:datafield>
   <marc:datafield ind1=" " ind2=" " tag="300">
      <marc:subfield code="a">509 Seiten</marc:subfield>
   </marc:datafield>
</marc:record>
